Versiones preliminares de los documentos básicos de la conferencia e informes de los simposios: Nota del secretario general de la conferencia

Uloženo v:
Podrobná bibliografie
Médium: Text
Vydáno: s.l.e.: NU. Consejo Económico y Social
Tagy: Přidat tag
Žádné tagy, Buďte první, kdo vytvoří štítek k tomuto záznamu!

MARC

LEADER 00000 a a2200000 04500
001 17256
003
040
090 |a 011100  
245 |a Versiones preliminares de los documentos básicos de la conferencia e informes de los simposios: Nota del secretario general de la conferencia  
260 |a s.l.e.:   |b NU. Consejo Económico y Social  
300 |a 87 p.  
999 |c 15119  |d 15119